• 首页
  • 本馆介绍
  • 公告通知
  • 最新文献
  • 馆藏检索
  • 电子资源
  • 读者导购
  • 参考咨询
  • 我的图书馆
  • 登录
  • 详细信息显示
  • 放入我的书架
  • 预约/预借图书
  • 作者相关作品
  • 分类相关作品
  • 丛书相关作品
  • 出版社相关作品

书目信息

  • 表格格式
  • 工作单格式
  • 卡片格式
题名:
中国农村人力资本形成研究
    
 
作者: 徐丽杰 著
分册:  
出版信息: 北京   经济科学出版社  2013
页数: 192页
开本: 23cm
丛书名:
单 册:
中图分类: F323.6
科图分类:
主题词: 农村--人力资本--研究--中国 , 农村 , 人力资本
电子资源:
ISBN: 978-7-5141-3158-1
000 00942nam0 2200253 450
001 523
005 20140909094144.04
010    @a978-7-5141-3158-1@dCNY38.00
100    @a20130608d2013 kemy0chiy50 ea
101 0  @achi
102    @aCN@b110000
105    @ay z 000yy
106    @ar
200 1  @a中国农村人力资本形成研究@AZhong Guo Nong Cun Ren Li Zi Ben Xing Cheng Yan Jiu@f徐丽杰著@FXu Li Jie Zhu
210    @a北京@c经济科学出版社@d2013
215    @a192页@d23cm
330    @a本书针对中国农村人力资本形成的实际情况,提出切实可行的政策建议。具体研究内容包括:中国农村教育与农村人力资本形成,中国农民培训与农村人力资本形成,中国农村劳动力转移与农村人力资本形成,中国农村医疗保障与农村人力资本形成等。
606 0  @a农村@x人力资本@x研究@y中国
606 0  @a农村
606 0  @a人力资本
690    @aF323.6@v5
701  0 @a徐丽杰@AXu Li Jie@c(女,@f1980~)@4著
801  0 @aCN@bTANGWEI@c20140603
905    @b0840452-54@dF323.6@e152@f3
    
    中国农村人力资本形成研究/徐丽杰著.-北京:经济科学出版社,2013
    192页;23cm
    
    
    ISBN 978-7-5141-3158-1:CNY38.00
    本书针对中国农村人力资本形成的实际情况,提出切实可行的政策建议。具体研究内容包括:中国农村教育与农村人力资本形成,中国农民培训与农村人力资本形成,中国农村劳动力转移与农村人力资本形成,中国农村医疗保障与农村人力资本形成等。
●
相关链接 在E读中查询图书 在五车中查询图书 在当当中查询图书 在豆瓣中查询图书


正题名:中国农村人力资本形成研究     索取号:F323.6/152         预约/预借

序号 登录号 条形码 馆藏地/架位号 状态 备注
1 0840452   208404528   第一样本阅览室/ [索取号:F323.6/152] 在馆    
2 0840453   208404537   密集书库-海洋学院/ [索取号:F323.6/152] 在馆    
3 0840454   208404546   第一借阅区/ [索取号:F323.6/152] 在馆    
唐山师范学院图书馆 欢迎您!
大连网信软件有限公司© 版权所有